Регионална библиотека "Любен Каравелов" - Русе

Къщичката в къта на Пух (Запис номер 18053)

MARC детайли
000 -Лидер
Контролно поле с фиксирана дължина 01471nam a2200337 c 4500
003 - Код на организацията, давaща контролен номер
Контролно поле BLK
005 - Дата и час на последна редакция
Контролно поле 20250718133158.0
008 - Елементи от данни с фиксирана дължина
fixed length control field 180413b bul|||||r ||||||| ||bul||
010 ## - Наследен системен номер
LC control number KNG00020070000
020 ## - Международен стандартен номер на книга ISBN
Международен стандартен номер на книга ISBN 954-657-116-4
-- издат.: Пан
040 ## - Източник на каталожния запис
Идентификатор на билиотеката - собственик на записа BLK
041 ## - Код за език
Код за езика на текст/звукозапис или на отделно заглавие Български
Код за езика КДБФ Български
080 ## - УДК
Текстов определител УДК Английска литература
УДК код - определител по УДК 821.111
УДК определител -93-32
УДК - код + определител 821.111-93-32
100 1# - Редна дума - Автор
Автор Милн, Алън Александър
Авторска отговорност първи автор
R(LIN) 262515
139 ## - Редно поле
Редна дума Милн, Алън Александър
Авторски знак Милк - М 60
245 10 - Сведения за заглавието
Заглавие Къщичката в къта на Пух
Подзаглавни данни Повест-приказка
Редно поле (дума) Алън Александър Милн; прев. от англ. Вера Славова; ил. Ърнест Х. Шепард.
257 ## - Страна на издаване
Страна на създаване/издаване Великобритания
260 ## - Област на издателските данни
-- София
Име на издателя, разпространителя и проч. Пан
Година на издаване 1997
300 ## - Физическа характеристика
Страници 160 с.
Илюстрации и др. с ил.
Размери/Мащаб 20 см
380 ## - Жанр
Жанр Детска худож. лит.
490 1# - СЕРИИ (Колекции)
Име на серия Вечните детски романи
№: серия 25
500 ## - Общи забележки
Забележка Ориг. загл. The Hhouse at Pooh Corner / A. A. Milne. - Съдържа и За кн. и авт.
700 ## - Други автори (авторска отговорност)
Лично име Славова, Вера Янкова
Дати, свързани с автора 1908-2003
Друга информация Преводач от английски език.
9 (RLIN) 262517
700 1# - Други автори (авторска отговорност)
Лично име Шепард, Ърнест Х.
Автороска отговорност (Описва отношението между автора и произведението) ил.
9 (RLIN) 262516
852 ## - Местоположение
Форматна сигнатура Цб 194572
856 4# - Електронен адрес и достъп
Електронен формат pdf - файл
Път до файла /url/
856 4# - Електронен адрес и достъп
Електронен формат pdf - файл
Път до файла /url/
942 ## - АРТИКУЛИ
Вид на библиотечния материал Книги
Скрит в OPAC Не
Koha issues (borrowed), all copies 8
944 ## - СЪЗДАВАНЕ И РЕДАКЦИЯ на ЗАПИСА
Създаване/Редакция Създаване
Дата на регистрацията/редакция 15.01.2003
Служител, извършил регистрацията/редакцията 30560
Статус, дата на статуса Геновева Генчева
944 ## - СЪЗДАВАНЕ И РЕДАКЦИЯ на ЗАПИСА
Създаване/Редакция Редакция
Дата на регистрацията/редакция 29.01.2016
Служител, извършил регистрацията/редакцията Виолета_Тройчева
999 ## - СИСТЕМНИ КОНТРОЛНИ НОМЕРА
Koha biblionumber 18053
Koha biblioitemnumber 18053
Наличности
Код за отписване Код за изгубен артикул Източник на класификационната схема Код за повреда Коз за рестрикции Код за отдаване Артикулен № Име на библиотеката - собственик Име на библиотеката, в която се намира в момента Статус (Текущо местоположение) Дата на вписване в системата Местоположение - отдел Цена в лева Инвентарен номер Систематично азбучна сигнатура Баркод Номер на екземпляра Цена в евро Служебна бележка Служебен тип на артикула
  Не е изгубен Universal Decimal Classification Не е повреден без рестрикции ползва се в читалня 30350 Регионална библиотека "Любен Каравелов" Русе Регионална библиотека "Любен Каравелов" Русе Хранилище 2001-01-01 Хранилище 2.00 637625 Цб 194572 120000637625 1 1.02 Дост: Dp Вид: Д N: стар фонд Дата: 01.01.2001 Книги
  Не е изгубен Universal Decimal Classification Не е повреден без рестрикции заемане за дома 30351 Регионална библиотека "Любен Каравелов" Русе Регионална библиотека "Любен Каравелов" Русе Детски отдел 2012-10-23 Детски отдел 5.00 120000760687 ДХ 820/899/М 60 120000760687 2 2.56 Дост: DA Вид: А N: 19 Дата: 19.10.2012 Дата инв: 07.08.2015 Бележки инв: Д2015 Книги
Vip Innovations Ltd, Rousse, Bulgaria 2025